Catálogo

Vista normal Vista MARC

Entrada Personal Name

Número de registros utilizados en: 1

001 - CONTROL NUMBER

  • control field: 15797

003 - CONTROL NUMBER IDENTIFIER

  • control field: DLC

005 - DATE AND TIME OF LATEST TRANSACTION

  • control field: 20240611100137.0

008 - FIXED-LENGTH DATA ELEMENTS

  • fixed length control field: 801202n| acannaab| |n aaa |||

010 ## - LIBRARY OF CONGRESS CONTROL NUMBER

  • LC control number: n 80154862

040 ## - CATALOGING SOURCE

  • Original cataloging agency: DLC
  • Transcribing agency: Mx-PuUPA
  • Language of cataloging: spa
  • Modifying agency: Mx-PuUPA
  • Description conventions: rda

046 ## - SPECIAL CODED DATES

  • Birth date: 1945

100 10 - HEADING--PERSONAL NAME

  • Personal name: O'Hara, Brian J.,
  • Dates associated with a name: 1945-

374 ## - OCCUPATION

  • Occupation: Autor
  • Occupation: Director y miembro del comite ejecutivo de la Camara de Comercio de Estados Unidos

375 ## - GENDER

  • Gender: hombre

377 ## - ASSOCIATED LANGUAGE

  • Language code: eng

670 ## - SOURCE DATA FOUND

  • Source citation: His Power strategies for closing first call sales, c1981:
  • Information found: t.p. (Brian J. O'Hara) CIP data sheet (b. 10/22/45)